Cirugía pediátrica / (Registro nro. 23625)
[ vista simple ]
| 000 -LEADER | |
|---|---|
| fixed length control field | 01377nam a2200337 4500 |
| 001 - CONTROL NUMBER | |
| control field | 0000020812 |
| 003 - CONTROL NUMBER IDENTIFIER | |
| control field | CO-CtgCURN |
| 005 - DATE AND TIME OF LATEST TRANSACTION | |
| control field | 20250529154328.0 |
| 007 - PHYSICAL DESCRIPTION FIXED FIELD--GENERAL INFORMATION | |
| fixed length control field | ta |
| 008 - FIXED-LENGTH DATA ELEMENTS--GENERAL INFORMATION | |
| fixed length control field | 160627s2006 000 0 eng d |
| 020 ## - INTERNATIONAL STANDARD BOOK NUMBER | |
| International Standard Book Number | 9586559459 |
| 040 ## - CATALOGING SOURCE | |
| Original cataloging agency | CO-CtgCURN |
| Language of cataloging | spa |
| Transcribing agency | coctgcurn |
| 082 0# - DEWEY DECIMAL CLASSIFICATION NUMBER | |
| Classification number | 617.98 |
| Item number | C578 |
| 245 00 - TITLE STATEMENT | |
| Title | Cirugía pediátrica / |
| Statement of responsibility, etc. | Fernando Garces... [et. al.] , editores Francisco Luis Uribe Restrepo y María Elena Arango Rave. |
| 260 ## - PUBLICATION, DISTRIBUTION, ETC. | |
| Place of publication, distribution, etc. | Medellin : |
| Name of publisher, distributor, etc. | Universidad de Antioquia, |
| Date of publication, distribution, etc. | 2006. |
| 300 ## - PHYSICAL DESCRIPTION | |
| Extent | xxviii, 622 p. |
| 336 ## - CONTENT TYPE | |
| Source | rdacontent |
| 337 ## - MEDIA TYPE | |
| Source | rdamedia |
| Media type term | sin mediacion |
| Media type code | n |
| 338 ## - CARRIER TYPE | |
| Source | rdacarrier |
| Carrier type term | volumen |
| Carrier type code | nc |
| 490 1# - SERIES STATEMENT | |
| Series statement | Yuluka. Medicina. Cirugia |
| 504 ## - BIBLIOGRAPHY, ETC. NOTE | |
| Bibliography, etc. note | Bibliografia al final de cada capitulo. |
| 505 8# - FORMATTED CONTENTS NOTE | |
| Formatted contents note | Consideracione perioperatorias en el neonato y el niño.--Procedimientos.--Trauma.--Tumores.--Via aerea y torax.--Esofago.--Pared abdominal, peritoneo y diafragma.--Estomago, duodeno e intestino delgado.--Colon, recto y ano.--Riñon, ureteres y vejiga |
| 650 14 - SUBJECT ADDED ENTRY--TOPICAL TERM | |
| Topical term or geographic name entry element | Cirugía pediátrica |
| 650 14 - SUBJECT ADDED ENTRY--TOPICAL TERM | |
| Topical term or geographic name entry element | Tratamiento quirúrgico |
| General subdivision | Niños, adolescentes |
| 650 14 - SUBJECT ADDED ENTRY--TOPICAL TERM | |
| Topical term or geographic name entry element | Procedimientos quirúrgicos pediátricos |
| 700 1# - ADDED ENTRY--PERSONAL NAME | |
| Personal name | Garces, Fernando. |
| 730 0# - ADDED ENTRY--UNIFORM TITLE | |
| Uniform title | Cirugia pediatrica. |
| 908 ## - PUT COMMAND PARAMETER (RLIN) | |
| Put command parameter | 160627 |
| 942 ## - ADDED ENTRY ELEMENTS (KOHA) | |
| Koha item type | Libros |
| Classification part | 617.98 |
| Item part | C578 |
| Source of classification or shelving scheme | Dewey Decimal Classification |
| Suppress in OPAC | No |
| Withdrawn status | Lost status | Source of classification or shelving scheme | Damaged status | Not for loan | Collection | Home library | Current library | Shelving location | Date acquired | Inventory number | Total checkouts | Full call number | Barcode | Date last seen | Price effective from | Koha item type | Public note |
|---|---|---|---|---|---|---|---|---|---|---|---|---|---|---|---|---|---|
| Dewey Decimal Classification | General | Miguel Henríquez Emiliani | Miguel Henríquez Emiliani | General | 03/31/2025 | 004959 | 617.98 C578 | 004959 | 03/31/2025 | 03/31/2025 | Libros | 610-CIENME |